| 000 | 00434ntaaa2200181 4500 | ||
|---|---|---|---|
| 003 | 01 | ||
| 005 | 20251027202657.0 | ||
| 008 | 0714s1973 ag 01 | ||
| 040 |
_aAR-BaBN _bspa _cAR-BaBN _eaacr _dRIC |
||
| 082 | _a428.0000 W11 | ||
| 100 |
_aWachner, Clarence W _926328 |
||
| 245 | _aEnglish III | ||
| 250 | _a1 ed. | ||
| 260 |
_aNew York : _bHolt, Rienhart and Winston, _cc1964 |
||
| 300 | _a243 p | ||
| 650 | _ainglés | ||
| 942 | _cBK | ||
| 999 |
_c21936 _d21936 |
||